Seminar on "Real Property Ownership in the contact of National Development - its Prospects and Challenges" (1981 Jan 16-17:Genting Highlands) (Working papers)

Bibliographic Details
Format: Book

MARC

LEADER 00000cam a2200000 7i4500
001 0000006490
005 20000208.0
040 |a INS 
090 0 0 |a S1 
245 0 0 |a Seminar on "Real Property Ownership in the contact of National Development - its Prospects and Challenges" (1981 Jan 16-17:Genting Highlands) (Working papers) 
999 |a S000000006   |b BOOK   |c Seminar   |e Default branch 
999 |a S000000009   |b BOOK   |c Seminar   |e Default branch